000 01067cam a2200277 4500
008 010921n2001 000 0 eng u
020 _a1859416470
035 _a(Sirsi) u114744
041 _aeng
050 _a333.77 STA
100 _aStallworthy, M.
245 _aSustainability land use planning and the environment: a legal analysis
260 _bCavendish
_c2001
300 _axlii, 369p.
_c14cm.
350 _a29.75
520 _aInvestigates the impact the relatively modern schemes for environmental protection regulation are having on the planning control regime under the Town and Country planning legislation. Also offers explanations of the technical law, and suggests ways in which underlying principles might be developed and recast.
650 _aSUSTAINABLE DEVELOPMENT
650 _aENVIRONMENTAL PROTECTION
650 _aPLANNING LAW
650 _aENVIRONMENTAL LAW
650 _aENVIRONMENTAL IMPACT ASSESSMENTS
650 _aLAND USE PLANNING
650 _aHUMAN RIGHTS
690 _aDEVELOPMENT-SUSTAINABLE
942 _n0
999 _c101656
_d101656